| 000 | 00601nam a2200169 i 4500 | ||
|---|---|---|---|
| 001 | 63456 | ||
| 003 | ES-MaACL | ||
| 005 | 20230906164856.0 | ||
| 007 | t| | ||
| 008 | 031210m19681970sp ||||1| spa d | ||
| 100 | 1 |
_aFerrer Gutierrez, Virgilio. _950469 |
|
| 245 | 1 | 4 |
_aLos Andes dijeron ¡no! / _cVirgilio Ferrer Gutierrez. |
| 260 |
_aMadrid : _b[s.n., _c1968-1970] ( _fImp. Erma) |
||
| 300 |
_a3 v. ; _c21 cm. |
||
| 505 | 8 | _aContiene: T.1: Los Andes dijeron ¡no!. -- T.2: La Tricontinental : foco de subversión mundial. -- T.3: El Ché que nunca existió | |
| 852 |
_aES-MaACL _jC-38130-32 _bR.67772 |
||
| 999 |
_c63456 _d63456 |
||